[Event "Tradewise Gibraltar Masters 16th"]
[Site "Gibraltar"]
[Date "2018.01.28"]
[Round "6.81"]
[White "Klementys, Jerzy"]
[Black "Reuben, Stewart"]
[Result "1-0"]
[WhiteElo "1739"]
[BlackElo "2045"]
[PlyCount "89"]
[EventDate "2018.01.23"]
[EventType "swiss"]
[EventRounds "10"]
[EventCountry "GGB"]
[SourceTitle "BritBase"]
[Source "www.saund.co.uk"]
[SourceDate "2018.02.10"]
[SourceVersion "1"]
[SourceVersionDate "2018.02.10"]
[SourceQuality "1"]

1. d4 Nf6 2. c4 e6 3. Nf3 c5 4. d5 b5 5. dxe6 fxe6 6. cxb5 d5 7. e3 Bd6 8. Be2
e5 9. O-O Qc7 10. h3 O-O 11. Nc3 Bb7 12. b3 e4 13. Ne1 Bh2+ 14. Kh1 Be5 15. Bb2
Nbd7 16. Na4 Bxb2 17. Nxb2 Qe5 18. Na4 d4 19. Bc4+ Bd5 20. exd4 Qxd4 21. Nc2
Qxd1 22. Raxd1 Bxc4 23. bxc4 Ne5 24. Ne3 Nd3 25. Nc3 Rfd8 26. Kg1 Rd4 27. Ne2
Rd7 28. Ng3 Rad8 29. a4 Kf7 30. a5 Ke6 31. Rd2 g6 32. Rb1 Nb4 33. Rxd7 Rxd7 34.
Rd1 Rd3 35. a6 Ra3 36. Rd8 Nxa6 37. bxa6 Rxa6 38. Rc8 Kd6 39. Ng4 Nxg4 40. hxg4
Ra5 41. Nxe4+ Ke5 42. Rxc5+ Rxc5 43. Nxc5 a5 44. Na4 Kd4 45. c5 1-0

[Event "Tradewise Gibraltar Masters 16th"]
[Site "Gibraltar"]
[Date "2018.01.28"]
[Round "6.82"]
[White "Midonet, Matthieu"]
[Black "Cawdery, Daniel"]
[Result "1/2-1/2"]
[WhiteElo "2213"]
[BlackElo "2446"]
[PlyCount "101"]
[EventDate "2018.01.23"]
[EventType "swiss"]
[EventRounds "10"]
[EventCountry "GGB"]
[SourceTitle "BritBase"]
[Source "www.saund.co.uk"]
[SourceDate "2018.02.10"]
[SourceVersion "1"]
[SourceVersionDate "2018.02.10"]
[SourceQuality "1"]

1. e4 c5 2. Nf3 e6 3. b3 Nc6 4. Bb2 d6 5. d4 cxd4 6. Nxd4 Nf6 7. Nxc6 bxc6 8.
Bd3 e5 9. O-O Be7 10. c4 Nd7 11. Nc3 Nc5 12. b4 Rb8 13. b5 O-O 14. a4 Qa5 15.
Qc2 Ne6 16. Ne2 Bd7 17. Bc3 Qc7 18. Rfd1 Rfc8 19. Qd2 Nc5 20. Ba5 Qb7 21. Rdb1
cxb5 22. Nc3 Nxd3 23. Qxd3 Rxc4 24. Nxb5 Qxe4 25. Qxe4 Rxe4 26. Nc3 Rxb1+ 27.
Rxb1 Rc4 28. Rb7 Bd8 29. Bxd8 Rxc3 30. h3 Bxa4 31. Be7 f6 32. Rxa7 Bc6 33. Bxd6
Rd3 34. Bc5 Rd7 35. Rxd7 Bxd7 36. h4 Kf7 37. Kf1 Bb5+ 38. Ke1 f5 39. g3 Ke6 40.
Bf8 g6 41. Kd2 f4 42. gxf4 exf4 43. Bh6 Kf5 44. Bg5 Kg4 45. Kc3 f3 46. Kd4 Kh5
47. Ke3 h6 48. Bd8 Kg4 49. Be7 Bc4 50. Bf8 g5 51. hxg5 1/2-1/2

[Event "Tradewise Gibraltar Masters 16th"]
[Site "Gibraltar"]
[Date "2018.01.28"]
[Round "6.83"]
[White "Docx, Stefan"]
[Black "Oglaza, Oskar"]
[Result "1/2-1/2"]
[WhiteElo "2442"]
[BlackElo "2245"]
[PlyCount "41"]
[EventDate "2018.01.23"]
[EventType "swiss"]
[EventRounds "10"]
[EventCountry "GGB"]
[SourceTitle "BritBase"]
[Source "www.saund.co.uk"]
[SourceDate "2018.02.10"]
[SourceVersion "1"]
[SourceVersionDate "2018.02.10"]
[SourceQuality "1"]

1. d4 Nf6 2. c4 g6 3. Nc3 d5 4. cxd5 Nxd5 5. e4 Nxc3 6. bxc3 Bg7 7. Qa4+ c6 8.
Nf3 O-O 9. Qa3 Bg4 10. Be2 Bxf3 11. gxf3 e5 12. h4 exd4 13. cxd4 Qxd4 14. Rb1
Qc3+ 15. Kf1 b5 16. Rb3 Qe5 17. Bb2 Qf4 18. Bc1 Qe5 19. Bb2 Qf4 20. Bc1 Qe5 21.
Bb2 1/2-1/2

[Event "Tradewise Gibraltar Masters 16th"]
[Site "Gibraltar"]
[Date "2018.01.28"]
[Round "6.84"]
[White "Tate, Alan"]
[Black "Baert, Andy"]
[Result "1-0"]
[WhiteElo "2358"]
[BlackElo "2164"]
[PlyCount "47"]
[EventDate "2018.01.23"]
[EventType "swiss"]
[EventRounds "10"]
[EventCountry "GGB"]
[SourceTitle "BritBase"]
[Source "www.saund.co.uk"]
[SourceDate "2018.02.10"]
[SourceVersion "1"]
[SourceVersionDate "2018.02.10"]
[SourceQuality "1"]

1. e4 c5 2. Nf3 d6 3. d4 cxd4 4. Nxd4 Nf6 5. Nc3 a6 6. h3 e6 7. g4 b5 8. Bg2
Bb7 9. O-O Qc7 10. Re1 Be7 11. a4 b4 12. Nd5 exd5 13. exd5 O-O 14. g5 Ne8 15.
Qe2 Bf6 16. gxf6 Nxf6 17. Nf5 Nbd7 18. Bf4 Rfe8 19. Qd2 Ne5 20. Bxe5 Rxe5 21.
Rxe5 dxe5 22. Qg5 Ne8 23. d6 Qd7 24. Qe7 1-0

[Event "Tradewise Gibraltar Masters 16th"]
[Site "Gibraltar"]
[Date "2018.01.28"]
[Round "6.85"]
[White "Perez Garcia, Alejandro"]
[Black "Barraza Caracuel, Ignacio"]
[Result "1-0"]
[WhiteElo "2357"]
[BlackElo "2185"]
[PlyCount "93"]
[EventDate "2018.01.23"]
[EventType "swiss"]
[EventRounds "10"]
[EventCountry "GGB"]
[SourceTitle "BritBase"]
[Source "www.saund.co.uk"]
[SourceDate "2018.02.10"]
[SourceVersion "1"]
[SourceVersionDate "2018.02.10"]
[SourceQuality "1"]

1. d4 Nf6 2. c4 e6 3. Nf3 d5 4. g3 Be7 5. Bg2 O-O 6. O-O c6 7. Nbd2 b6 8. Qc2
Bb7 9. e4 dxe4 10. Nxe4 Nxe4 11. Qxe4 Nd7 12. Rd1 Nf6 13. Qc2 Qc8 14. c5 Nd5
15. h4 h6 16. Bd2 Ba6 17. b4 Be2 18. Re1 Bxf3 19. Bxf3 Bf6 20. Re4 b5 21. Rae1
Qd8 22. Rg4 h5 23. Rge4 g6 24. g4 hxg4 25. Rxg4 Bg7 26. Bg5 Qd7 27. h5 f5 28.
Rg2 Nxb4 29. Qb3 Nd5 30. hxg6 Rae8 31. Rh2 Rf6 32. Bxf6 Nxf6 33. Kf1 a5 34. a4
b4 35. Qc4 Kf8 36. Re2 Nd5 37. Bxd5 Qxd5 38. Qxd5 exd5 39. Rxe8+ Kxe8 40. Rh7
Kf8 41. Ke2 Bxd4 42. Rf7+ Kg8 43. Rxf5 Bxc5 44. Rf6 b3 45. Kd3 Bd4 46. Rxc6
Bxf2 47. Kc3 1-0

[Event "Tradewise Gibraltar Masters 16th"]
[Site "Gibraltar"]
[Date "2018.01.28"]
[Round "6.86"]
[White "Gara, Anita"]
[Black "Verneuil, Pascal"]
[Result "1-0"]
[WhiteElo "2350"]
[BlackElo "2159"]
[PlyCount "121"]
[EventDate "2018.01.23"]
[EventType "swiss"]
[EventRounds "10"]
[EventCountry "GGB"]
[SourceTitle "BritBase"]
[Source "www.saund.co.uk"]
[SourceDate "2018.02.10"]
[SourceVersion "1"]
[SourceVersionDate "2018.02.10"]
[SourceQuality "1"]

1. e4 c5 2. Nf3 Nc6 3. c3 d5 4. exd5 Qxd5 5. d4 Bf5 6. Be3 e6 7. Be2 cxd4 8.
Nxd4 Nxd4 9. Qxd4 Ne7 10. Qxd5 Nxd5 11. Bb5+ Ke7 12. Bd2 f6 13. O-O Rd8 14. Be2
Kf7 15. a3 Bd6 16. g3 h5 17. c4 Ne7 18. Be3 Be5 19. Nc3 Nc6 20. Rad1 g6 21. Nb5
a6 22. f4 axb5 23. fxe5 Nxe5 24. cxb5 Bg4 25. Kf2 Bh3 26. Rxd8 Rxd8 27. Rc1 Rd7
28. a4 Bf5 29. Rc3 Nd3+ 30. Bxd3 Bxd3 31. Rc5 Ke7 32. h4 Kd8 33. Rc3 e5 34. Bc5
e4 35. Ke3 Ke8 36. Bd4 f5 37. Rc5 Ke7 38. Rc8 Kf7 39. Bc3 Bf1 40. Bd4 Bd3 41.
b6 Bf1 42. Rh8 Bc4 43. Rc8 Bf1 44. Rc3 Ke6 45. b4 Rd8 46. Rc7 Rd7 47. Rc8 Kf7
48. b5 Bd3 49. Rc5 Ke6 50. a5 Ke7 51. Be5 Bf1 52. Kf2 Bh3 53. a6 Rd2+ 54. Ke3
Rd3+ 55. Kf4 e3 56. axb7 e2 57. b8=Q e1=Q 58. Rc7+ Rd7 59. Rxd7+ Kxd7 60. Qd6+
Ke8 61. Qe6+ 1-0

[Event "Tradewise Gibraltar Masters 16th"]
[Site "Gibraltar"]
[Date "2018.01.28"]
[Round "6.87"]
[White "Renman, Nils-Gustaf"]
[Black "Pein, Jonathan"]
[Result "1/2-1/2"]
[WhiteElo "2350"]
[BlackElo "2153"]
[PlyCount "75"]
[EventDate "2018.01.23"]
[EventType "swiss"]
[EventRounds "10"]
[EventCountry "GGB"]
[SourceTitle "BritBase"]
[Source "www.saund.co.uk"]
[SourceDate "2018.02.10"]
[SourceVersion "1"]
[SourceVersionDate "2018.02.10"]
[SourceQuality "1"]

1. d4 Nf6 2. Nf3 g6 3. c4 Bg7 4. Nc3 O-O 5. e4 d6 6. h3 e5 7. d5 Nh5 8. g3 a5
9. Be2 Na6 10. Bg5 Qe8 11. Nd2 Nf6 12. a3 Bd7 13. b3 h6 14. Be3 Nxe4 15. Ndxe4
f5 16. Bd3 fxe4 17. Bxe4 Bf5 18. g4 Bxe4 19. Nxe4 b6 20. O-O Nc5 21. Bxc5 bxc5
22. Rb1 Qf7 23. f3 Qf4 24. Qd3 Bf6 25. Kg2 Bg5 26. Rbe1 Kg7 27. Re2 Ra7 28. Rh1
Bh4 29. Qe3 Qxe3 30. Rxe3 Rb7 31. Rb1 Rfb8 32. Kf1 Bg5 33. Nxg5 hxg5 34. Ke2
Rh8 35. Rh1 Rhb8 36. Rb1 Rh8 37. Rh1 Rhb8 38. Rb1 1/2-1/2

[Event "Tradewise Gibraltar Masters 16th"]
[Site "Gibraltar"]
[Date "2018.01.28"]
[Round "6.88"]
[White "Gandrud, Vegar Koi"]
[Black "Maloberti, David"]
[Result "1-0"]
[WhiteElo "2346"]
[BlackElo "2148"]
[PlyCount "57"]
[EventDate "2018.01.23"]
[EventType "swiss"]
[EventRounds "10"]
[EventCountry "GGB"]
[SourceTitle "BritBase"]
[Source "www.saund.co.uk"]
[SourceDate "2018.02.10"]
[SourceVersion "1"]
[SourceVersionDate "2018.02.10"]
[SourceQuality "1"]

1. d4 Nf6 2. c4 g6 3. Nc3 Bg7 4. e4 d6 5. Nf3 O-O 6. Be2 e5 7. d5 a5 8. Be3 Na6
9. Nd2 Nd7 10. O-O Ndc5 11. a3 Bd7 12. b3 f5 13. f3 Qe8 14. Rb1 b6 15. b4 axb4
16. axb4 Na4 17. Nxa4 Bxa4 18. Qc1 f4 19. Bf2 Bd7 20. Qb2 g5 21. Ra1 h5 22. Ra3
g4 23. Rfa1 Bc8 24. b5 Qg6 25. Be1 Bh6 26. bxa6 Rf7 27. c5 bxc5 28. Rb3 g3 29.
h3 1-0

[Event "Tradewise Gibraltar Masters 16th"]
[Site "Gibraltar"]
[Date "2018.01.28"]
[Round "6.89"]
[White "Van Zyl-Rudd, Jack"]
[Black "Jessel, Stephen"]
[Result "1/2-1/2"]
[WhiteElo "2197"]
[BlackElo "2342"]
[PlyCount "54"]
[EventDate "2018.01.23"]
[EventType "swiss"]
[EventRounds "10"]
[EventCountry "GGB"]
[SourceTitle "BritBase"]
[Source "www.saund.co.uk"]
[SourceDate "2018.02.10"]
[SourceVersion "1"]
[SourceVersionDate "2018.02.10"]
[SourceQuality "1"]

1. d4 e6 2. c4 b6 3. Nc3 Bb7 4. e4 Bb4 5. Qc2 Qh4 6. Bd3 f5 7. Nf3 Bxc3+ 8. Kf1
Qh5 9. bxc3 fxe4 10. Bxe4 Bxe4 11. Qxe4 Nc6 12. Bg5 Nf6 13. Bxf6 gxf6 14. d5 f5
15. Qe2 Na5 16. c5 O-O 17. dxe6 dxe6 18. Qxe6+ Qf7 19. Ng5 Qxe6 20. Nxe6 Rf7
21. g3 Re8 22. Nf4 Re5 23. cxb6 cxb6 24. Nd3 Rd5 25. Nf4 Re5 26. Nd3 Rd5 27.
Nf4 Re5 1/2-1/2

[Event "Tradewise Gibraltar Masters 16th"]
[Site "Gibraltar"]
[Date "2018.01.28"]
[Round "6.90"]
[White "Sanchez Jerez, Emilio Miguel"]
[Black "Barrenechea Bahamonde, Gustavo"]
[Result "0-1"]
[WhiteElo "2330"]
[BlackElo "2127"]
[PlyCount "60"]
[EventDate "2018.01.23"]
[EventType "swiss"]
[EventRounds "10"]
[EventCountry "GGB"]
[SourceTitle "BritBase"]
[Source "www.saund.co.uk"]
[SourceDate "2018.02.10"]
[SourceVersion "1"]
[SourceVersionDate "2018.02.10"]
[SourceQuality "1"]

1. e4 c5 2. Nf3 g6 3. d4 cxd4 4. Qxd4 Nf6 5. Nc3 Nc6 6. Qa4 d6 7. e5 dxe5 8.
Nxe5 Bg7 9. Bb5 O-O 10. Nxc6 bxc6 11. Bxc6 Rb8 12. Rb1 Ng4 13. Nd5 Ne5 14. c4
Bf5 15. Ra1 Nd3+ 16. Ke2 e6 17. Ne3 Bxb2 18. Nxf5 Nxc1+ 19. Raxc1 Bxc1 20. Rxc1
Rb2+ 21. Rc2 Rxc2+ 22. Qxc2 gxf5 23. Qc3 Qd6 24. Qf6 Qf4 25. Kd3 h6 26. Bf3 Rb8
27. Qd4 Qc7 28. Ke3 Rd8 29. Qc3 Qc5+ 30. Ke2 Rd4 0-1

[Event "Tradewise Gibraltar Masters 16th"]
[Site "Gibraltar"]
[Date "2018.01.28"]
[Round "6.91"]
[White "Povah, Nigel E"]
[Black "Cholleti, Sahajasri"]
[Result "0-1"]
[WhiteElo "2310"]
[BlackElo "2083"]
[PlyCount "104"]
[EventDate "2018.01.23"]
[EventType "swiss"]
[EventRounds "10"]
[EventCountry "GGB"]
[SourceTitle "BritBase"]
[Source "www.saund.co.uk"]
[SourceDate "2018.02.10"]
[SourceVersion "1"]
[SourceVersionDate "2018.02.10"]
[SourceQuality "1"]

1. d4 Nf6 2. Bg5 Ne4 3. Bf4 d5 4. f3 Nf6 5. e4 e6 6. e5 Nfd7 7. Be3 c5 8. c3
Nc6 9. f4 Qb6 10. Qd2 Qa5 11. dxc5 Bxc5 12. Bxc5 Qxc5 13. b4 Qb6 14. Nf3 f6 15.
b5 Ne7 16. Qd4 fxe5 17. fxe5 Nf5 18. Qxb6 axb6 19. a3 Ne3 20. Ra2 Nc5 21. Kf2
Nxf1 22. Rxf1 Bd7 23. Nbd2 Ne4+ 24. Nxe4 dxe4 25. Nd4 Rf8+ 26. Ke2 Rxf1 27.
Kxf1 Rc8 28. Rc2 Rc5 29. c4 Rxe5 30. Kf2 Rc5 31. Ke3 Ke7 32. Nb3 Rc8 33. a4 Be8
34. c5 Bg6 35. Rc1 bxc5 36. Rxc5 Rxc5 37. Nxc5 b6 38. Nxe4 Bxe4 39. Kxe4 Kd6
40. Kd4 e5+ 41. Ke4 Kc5 42. Kxe5 Kb4 43. Ke6 Kxa4 44. Kf7 Kxb5 45. Kxg7 Kc5 46.
Kxh7 b5 47. g4 b4 48. g5 b3 49. g6 b2 50. h4 b1=Q 51. h5 Kd6 52. Kh6 Ke6 0-1

[Event "Tradewise Gibraltar Masters 16th"]
[Site "Gibraltar"]
[Date "2018.01.28"]
[Round "6.92"]
[White "Rapport, Jovana"]
[Black "Berrocal Ruiz, Valentin"]
[Result "0-1"]
[WhiteElo "2305"]
[BlackElo "2068"]
[PlyCount "83"]
[EventDate "2018.01.23"]
[EventType "swiss"]
[EventRounds "10"]
[EventCountry "GGB"]
[SourceTitle "BritBase"]
[Source "www.saund.co.uk"]
[SourceDate "2018.02.10"]
[SourceVersion "1"]
[SourceVersionDate "2018.02.10"]
[SourceQuality "1"]

1. Nf3 Nf6 2. b3 g6 3. Bb2 Bg7 4. g4 O-O 5. g5 Nh5 6. d4 c5 7. e3 Nc6 8. c3 e5
9. d5 e4 10. Nfd2 Ne5 11. Nxe4 f5 12. Nxc5 Qxg5 13. h4 Qf6 14. Nd3 f4 15. e4
Ng3 16. fxg3 fxg3 17. Kd2 d6 18. Be2 g2 19. Rg1 Nxd3 20. Kxd3 Qxh4 21. Nd2 Qg3+
22. Kc2 Rf2 23. Qe1 h5 24. Bf1 Bh6 25. Bc1 Bh3 26. Bd3 Rc8 27. a4 Bg4 28. e5
Be2 29. Bc4 Bxc4 30. bxc4 Rxc4 31. Ra3 dxe5 32. Kd1 Qg4+ 33. Kc2 Qf5+ 34. Kb2
Bxd2 35. Bxd2 Rf1 36. Rxg2 Rxe1 37. Bxe1 Qe4 38. Rg1 Qe2+ 39. Kb3 Re4 40. Ra1
Qc4+ 41. Kc2 Re2+ 42. Bd2 0-1

[Event "Tradewise Gibraltar Masters 16th"]
[Site "Gibraltar"]
[Date "2018.01.28"]
[Round "6.93"]
[White "Mannion, Stephen R"]
[Black "Sanjuan Garcia, Miguel"]
[Result "1-0"]
[WhiteElo "2285"]
[BlackElo "2019"]
[PlyCount "135"]
[EventDate "2018.01.23"]
[EventType "swiss"]
[EventRounds "10"]
[EventCountry "GGB"]
[SourceTitle "BritBase"]
[Source "www.saund.co.uk"]
[SourceDate "2018.02.10"]
[SourceVersion "1"]
[SourceVersionDate "2018.02.10"]
[SourceQuality "1"]

1. e4 c5 2. Nf3 e6 3. d4 cxd4 4. Nxd4 Nf6 5. Nc3 d6 6. g4 e5 7. Bb5+ Bd7 8.
Bxd7+ Qxd7 9. Nf5 h5 10. gxh5 Nxh5 11. Qf3 g6 12. Ng3 Be7 13. Nd5 Na6 14. Be3
Nc7 15. Nxe7 Qxe7 16. O-O-O a6 17. Rd2 O-O-O 18. Rhd1 Qe6 19. Kb1 Nxg3 20. hxg3
f5 21. Bb6 fxe4 22. Qxe4 d5 23. Qb4 Rd7 24. c4 d4 25. a4 Qf5+ 26. Ka1 Qf3 27.
a5 Ne6 28. Ka2 Kb8 29. Re1 e4 30. c5 Kc8 31. Qc4 e3 32. fxe3 dxe3 33. Rxd7 Kxd7
34. Qd3+ Kc8 35. Rxe3 Qc6 36. Qc4 Nc7 37. Re5 Qb5 38. Qg4+ Qd7 39. Qe4 Qf7+ 40.
Ka3 Nb5+ 41. Kb4 Qd7 42. Rd5 Qc6 43. Qg4+ Kb8 44. Qd7 Qf6 45. Kb3 Rc8 46. Kc2
Qf8 47. Qe6 Nc7 48. Qe5 Qf7 49. b3 Ka8 50. Bxc7 Qxc7 51. Qxc7 Rxc7 52. b4 Rc8
53. Rd6 Rg8 54. Kb3 Kb8 55. Kc4 Kc7 56. Kd4 g5 57. Ke4 Rf8 58. Rg6 Rf1 59. Kd5
Rd1+ 60. Kc4 Rc1+ 61. Kd5 Rd1+ 62. Ke5 Rb1 63. Rxg5 Rxb4 64. Kd5 Rb5 65. Rg7+
Kb8 66. g4 Rxa5 67. g5 b6 68. Kc6 1-0

[Event "Tradewise Gibraltar Masters 16th"]
[Site "Gibraltar"]
[Date "2018.01.28"]
[Round "6.94"]
[White "Perez, Flavio"]
[Black "Obiamiwe, Paul"]
[Result "1-0"]
[WhiteElo "2279"]
[BlackElo "1891"]
[PlyCount "85"]
[EventDate "2018.01.23"]
[EventType "swiss"]
[EventRounds "10"]
[EventCountry "GGB"]
[SourceTitle "BritBase"]
[Source "www.saund.co.uk"]
[SourceDate "2018.02.10"]
[SourceVersion "1"]
[SourceVersionDate "2018.02.10"]
[SourceQuality "1"]

1. Nf3 Nf6 2. g3 g6 3. Bg2 Bg7 4. d3 d6 5. e4 Nc6 6. O-O O-O 7. Nbd2 e5 8. c3
d5 9. Re1 Re8 10. Qc2 h6 11. b4 a6 12. a3 dxe4 13. dxe4 Be6 14. Nb3 Nd7 15. Be3
Qc8 16. Nfd2 Rb8 17. a4 b5 18. Bf1 Rf8 19. Bg2 Re8 20. Reb1 Nb6 21. axb5 axb5
22. Bf1 Nd7 23. Na5 Nxa5 24. Rxa5 c6 25. c4 bxc4 26. Nxc4 Bf8 27. Qd2 Rd8 28.
Qc3 Qc7 29. Ra7 Rb7 30. Rxb7 Qxb7 31. Na5 Qa8 32. Nxc6 Rc8 33. b5 Qb7 34. Rc1
Nb8 35. Qxe5 Bg7 36. Qc5 Bf8 37. Qc3 Bg7 38. Qc2 Qc7 39. Qa4 Qb7 40. h4 Bd7 41.
Ne7+ Kh7 42. Nxc8 Bxc8 43. Qa7 1-0

[Event "Tradewise Gibraltar Masters 16th"]
[Site "Gibraltar"]
[Date "2018.01.28"]
[Round "6.95"]
[White "Sahl, Sheila Barth"]
[Black "Bliumberg, Vladislav"]
[Result "1/2-1/2"]
[WhiteElo "2178"]
[BlackElo "2276"]
[PlyCount "103"]
[EventDate "2018.01.23"]
[EventType "swiss"]
[EventRounds "10"]
[EventCountry "GGB"]
[SourceTitle "BritBase"]
[Source "www.saund.co.uk"]
[SourceDate "2018.02.10"]
[SourceVersion "1"]
[SourceVersionDate "2018.02.10"]
[SourceQuality "1"]

1. e4 e5 2. Nf3 Nc6 3. Bc4 Nf6 4. d3 Be7 5. O-O d6 6. c3 O-O 7. Re1 Na5 8. Bb5
a6 9. Ba4 b5 10. Bc2 c5 11. Nbd2 Re8 12. Nf1 h6 13. Ng3 Nc6 14. h3 Bf8 15. d4
Qc7 16. d5 Nb8 17. a4 Ra7 18. axb5 axb5 19. Rxa7 Qxa7 20. Be3 Nbd7 21. Qc1 Qc7
22. b3 Nb6 23. Qb2 Bd7 24. Ra1 g6 25. Bd3 Rb8 26. Qe2 Bg7 27. Nh2 Nfxd5 28.
exd5 Nxd5 29. Rc1 b4 30. cxb4 Nxb4 31. Ne4 f5 32. Nxc5 dxc5 33. Rxc5 Qd6 34.
Bc4+ Kh7 35. Qd2 Qxd2 36. Bxd2 Nc6 37. Bb5 Rc8 38. Nf1 Nd4 39. Rxc8 Bxc8 40.
Bc4 Be6 41. Bxe6 Nxe6 42. Ne3 Kg8 43. b4 Nd4 44. Kf1 Kf7 45. f3 Ke6 46. Ke1 f4
47. Nc4 Bf8 48. Kd1 Kd5 49. Nb6+ Kc6 50. Nc4 Kd5 51. Nb6+ Kc6 52. Nc4 1/2-1/2

[Event "Tradewise Gibraltar Masters 16th"]
[Site "Gibraltar"]
[Date "2018.01.28"]
[Round "6.96"]
[White "Veltkamp, Gerben"]
[Black "Mohota, Nisha"]
[Result "0-1"]
[WhiteElo "2123"]
[BlackElo "2269"]
[PlyCount "110"]
[EventDate "2018.01.23"]
[EventType "swiss"]
[EventRounds "10"]
[EventCountry "GGB"]
[SourceTitle "BritBase"]
[Source "www.saund.co.uk"]
[SourceDate "2018.02.10"]
[SourceVersion "1"]
[SourceVersionDate "2018.02.10"]
[SourceQuality "1"]

1. Nf3 Nf6 2. d4 d5 3. e3 e6 4. Bd3 c5 5. c3 Nc6 6. Nbd2 Qc7 7. O-O Be7 8. dxc5
Bxc5 9. b4 Bd6 10. Bb2 O-O 11. b5 Na5 12. c4 dxc4 13. Rc1 Qe7 14. Nxc4 Nxc4 15.
Rxc4 e5 16. Qa1 Re8 17. Ng5 h6 18. Ne4 Nxe4 19. Bxe4 Be6 20. Rcc1 f5 21. Bd3
Qg5 22. Bxe5 Bxe5 23. Qxe5 Rad8 24. Rc3 Kh8 25. Qf4 Qxf4 26. exf4 Rd4 27. Re1
Red8 28. Rxe6 Rxd3 29. Rxd3 Rxd3 30. h4 Rd1+ 31. Kh2 Rd2 32. a4 Rxf2 33. Kg3
Ra2 34. Re7 Ra3+ 35. Kh2 Rxa4 36. Rxb7 Rxf4 37. Rxa7 Rxh4+ 38. Kg3 Rb4 39. Rb7
Kh7 40. Rb6 h5 41. Kf3 h4 42. Ke3 Rb2 43. Kf3 g5 44. Rb8 g4+ 45. Kf4 g3 46.
Kxf5 Rxg2 47. Kg4 Rh2 48. Rb7+ Kg6 49. Rb6+ Kf7 50. Rb7+ Ke6 51. Rg7 Kf6 52.
Rg8 g2 53. Kf3 h3 54. b6 Rh1 55. b7 Rb1 0-1

[Event "Tradewise Gibraltar Masters 16th"]
[Site "Gibraltar"]
[Date "2018.01.28"]
[Round "6.97"]
[White "Janiszewski, Maciej"]
[Black "Yoo, Christopher Woojin"]
[Result "0-1"]
[WhiteElo "2029"]
[BlackElo "2254"]
[PlyCount "58"]
[EventDate "2018.01.23"]
[EventType "swiss"]
[EventRounds "10"]
[EventCountry "GGB"]
[SourceTitle "BritBase"]
[Source "www.saund.co.uk"]
[SourceDate "2018.02.10"]
[SourceVersion "1"]
[SourceVersionDate "2018.02.10"]
[SourceQuality "1"]

1. e4 c5 2. Nc3 d6 3. f4 Nc6 4. Nf3 g6 5. Bc4 Bg7 6. O-O e6 7. d3 Nge7 8. Qe1
O-O 9. f5 gxf5 10. Bb3 fxe4 11. Nxe4 Nf5 12. Ng3 Ncd4 13. c3 Nxg3 14. hxg3
Nxf3+ 15. gxf3 d5 16. Kg2 Qf6 17. Rh1 Qg6 18. Bf4 e5 19. Bxe5 Re8 20. d4 f6 21.
Bxd5+ Kh8 22. Be4 Bf5 23. Bf4 Bxe4 24. fxe4 Rxe4 25. Qd2 cxd4 26. cxd4 f5 27.
Rh4 Rae8 28. Qb4 Qc6 29. Kf1 Re2 0-1

[Event "Tradewise Gibraltar Masters 16th"]
[Site "Gibraltar"]
[Date "2018.01.28"]
[Round "6.98"]
[White "Gara, Ticia"]
[Black "Compton, Alistair"]
[Result "1-0"]
[WhiteElo "2331"]
[BlackElo "2082"]
[PlyCount "105"]
[EventDate "2018.01.23"]
[EventType "swiss"]
[EventRounds "10"]
[EventCountry "GGB"]
[SourceTitle "BritBase"]
[Source "www.saund.co.uk"]
[SourceDate "2018.02.10"]
[SourceVersion "1"]
[SourceVersionDate "2018.02.10"]
[SourceQuality "1"]

1. Nf3 d5 2. c4 e6 3. d4 c5 4. cxd5 exd5 5. Nc3 Nc6 6. dxc5 d4 7. Na4 Bxc5 8.
Nxc5 Qa5+ 9. Bd2 Qxc5 10. Rc1 Qb6 11. e3 Nge7 12. Bc4 O-O 13. Nxd4 Nxd4 14.
exd4 Qxd4 15. O-O Bg4 16. Qc2 Bf5 17. Qc3 Qxc3 18. Rxc3 Nc6 19. Be3 Rfd8 20. f3
Nd4 21. Rfc1 h6 22. Kf2 b5 23. Bf1 Be6 24. b3 b4 25. Rd3 Nf5 26. Bc5 a5 27. g4
Nh4 28. Rxd8+ Rxd8 29. Rc2 Ng6 30. Bb6 Ra8 31. Bc4 Bxc4 32. Rxc4 Ne5 33. Rd4 a4
34. Bc7 Nc6 35. Rc4 axb3 36. axb3 Ra2+ 37. Ke3 Ne7 38. Bd6 Nd5+ 39. Kd4 Rd2+
40. Kc5 Ne3 41. Rxb4 Nf1 42. Rd4 Rb2 43. b4 Nd2 44. Rxd2 Rxd2 45. b5 f5 46. b6
fxg4 47. fxg4 Rc2+ 48. Kd5 Rd2+ 49. Kc6 Rc2+ 50. Bc5 Rxh2 51. b7 Rb2 52. Bb6
Rc2+ 53. Kd5 1-0

[Event "Tradewise Gibraltar Masters 16th"]
[Site "Gibraltar"]
[Date "2018.01.28"]
[Round "6.99"]
[White "Bergstrom, Rolf"]
[Black "Bjerre, Tavs"]
[Result "1/2-1/2"]
[WhiteElo "2276"]
[BlackElo "2071"]
[PlyCount "69"]
[EventDate "2018.01.23"]
[EventType "swiss"]
[EventRounds "10"]
[EventCountry "GGB"]
[SourceTitle "BritBase"]
[Source "www.saund.co.uk"]
[SourceDate "2018.02.10"]
[SourceVersion "1"]
[SourceVersionDate "2018.02.10"]
[SourceQuality "1"]

1. e4 c5 2. Nf3 e6 3. b3 b6 4. Bd3 Bb7 5. O-O Nf6 6. Re1 Nc6 7. c3 Qc7 8. Bc2
Rc8 9. a3 Be7 10. Ra2 e5 11. d3 O-O 12. Nbd2 d5 13. Nf1 Rcd8 14. Qe2 Ba6 15. c4
dxe4 16. dxe4 Nd4 17. Nxd4 cxd4 18. Bd3 Rc8 19. Rc2 Nd7 20. b4 Bb7 21. Bd2 Qd6
22. Rb1 Ba8 23. Rbc1 Rc7 24. Qg4 Nf6 25. Qf3 Rfc8 26. Ng3 g6 27. Qe2 h5 28. Nf1
Qc6 29. f3 Nd7 30. Be1 Bb7 31. Rb1 Qe6 32. Nd2 Ba6 33. Rbc1 Bg5 34. Kh1 Be3 35.
Qf1 1/2-1/2

[Event "Tradewise Gibraltar Masters 16th"]
[Site "Gibraltar"]
[Date "2018.01.28"]
[Round "6.100"]
[White "Meszaros, Andras"]
[Black "Dasaolu, Rotimi"]
[Result "1-0"]
[WhiteElo "2258"]
[BlackElo "2064"]
[PlyCount "51"]
[EventDate "2018.01.23"]
[EventType "swiss"]
[EventRounds "10"]
[EventCountry "GGB"]
[SourceTitle "BritBase"]
[Source "www.saund.co.uk"]
[SourceDate "2018.02.10"]
[SourceVersion "1"]
[SourceVersionDate "2018.02.10"]
[SourceQuality "1"]

1. d4 Nf6 2. Nf3 e6 3. c4 b6 4. a3 Bb7 5. Nc3 d5 6. cxd5 Nxd5 7. e3 Nd7 8. Bd3
c5 9. O-O cxd4 10. exd4 Be7 11. Re1 O-O 12. Bd2 a6 13. Qe2 b5 14. Ne5 N7f6 15.
Qf3 Qb6 16. Qh3 Qxd4 17. Nd7 Rfd8 18. Nxd5 Bxd5 19. Nxf6+ Bxf6 20. Qxh7+ Kf8
21. Bb4+ Ke8 22. Qg8+ Kd7 23. Qxf7+ Kc8 24. Rac1+ Bc4 25. Bxc4 bxc4 26. Qxe6+
1-0